Normal view
MARC view
- Art Director Tareq Khoury، Designer heten Zaour , Translator Wathiq Haddadin, English Editor Lis Lawrence
Entry Personal Name
001 - CONTROL NUMBER
- control field: 3677
003 - CONTROL NUMBER IDENTIFIER
- control field: JO-AjAnu
005 - DATE AND TIME OF LATEST TRANSACTION
- control field: 20230606070914.0
008 - FIXED-LENGTH DATA ELEMENTS
- fixed length control field: 230606|| aca||aabn | a|a d
040 ## - CATALOGING SOURCE
- Original cataloging agency: JO-AjAnu
- Transcribing agency: JO-AjAnu
100 ## - HEADING--PERSONAL NAME
- Personal name: Art Director Tareq Khoury، Designer heten Zaour , Translator Wathiq Haddadin, English Editor Lis Lawrence
670 ## - SOURCE DATA FOUND
- Source citation: Work cat.: (JO-AjAnu)1918: Art Director Tareq Khoury، Designer heten Zaour , Translator Wathiq Haddadin, English Editor Lis Lawrence, author, Calaurs Of Jordan: A callection of paintings by peter lawrence